Introductory phycology (Record no. 166400)

MARC details
000 -LEADER
fixed length control field 00390nam a2200157Ia 4500
008 - FIXED-LENGTH DATA ELEMENTS--GENERAL INFORMATION
fixed length control field 230917s9999||||xx |||||||||||||| ||und||
040 ## - CATALOGING SOURCE
-- 215634
Original cataloging agency VIVEKANANDA LIBRARY
041 ## - Language
-- English
082 ## - DDC NUMBER
Classification number 589.3 K96I(2)
100 ## - MAIN ENTRY--PERSONAL NAME
Personal name Kumar, H D
245 #0 - TITLE STATEMENT
Title Introductory phycology
250 ## - EDITION STATEMENT
Edition statement 2nd ed.
260 ## - PUBLICATION, DISTRIBUTION, ETC. (IMPRINT)
Place of publication, distribution, etc New Delhi
Name of publisher, distributor, etc Affiliated East-West Press
Date of publication, distribution, etc 2011
300 ## - PHYSICAL DESCRIPTION
Pages vii, 651 p.
942 ## - ADDED ENTRY ELEMENTS (KOHA)
Koha item type Books
Holdings
Withdrawn status Lost status Damaged status Not for loan Location (home branch) Sublocation or collection (holding branch) Date acquired Koha issues (times borrowed) Koha full call number Accession No. Koha date last seen Koha item type
        VIVEKANANDA LIBRARY VIVEKANANDA LIBRARY 02/03/2015 2 589.3 K96I(2) 309880 08/11/2023 Books
        VIVEKANANDA LIBRARY VIVEKANANDA LIBRARY 02/03/2015   589.3 K96I(2) 346186 17/09/2023 Books
        VIVEKANANDA LIBRARY VIVEKANANDA LIBRARY 02/03/2015 1 589.3 K96I(2) 368512 31/10/2023 Books
© Designed and Maintained by Vivekananda Library, MDU Rohtak